Candidates of 2020 Presidential Election - Statistics

General Stats
  • This quiz has been taken 21 times
  • The average score is 3 of 11
Answer Stats
Political Party Answer % Correct
Republican Donald J. Trump
94%
Democrat Joseph Biden
94%
Independent/Birthday Kanye West
44%
Green Howie Hawkins
28%
Libertarian Jo Jorgensen
28%
Constitution Don Blankenship
17%
Socialism and Liberation Gloria La Riva
11%
Alliance Roque De La Fuente
11%
Socialist Workers Alyson Kennedy
6%
American Solidarity Brian T. Carroll
6%
Independent Brock Pierce
6%
No matching quizzes found
Score Distribution
Percent of People with Each Score
Percentile by Number Answered
Your Score History
You have not taken this quiz